00826nab a2200169 i 4500001001000000003001000010005001700020008004100037040003000078041000800108100003400116245007900150520024100229650001300470650001600483773015700499768714001CO-MdFUSB20240509150807.0240508t1969 sp ||||| |||| 00| 0 spa d bspacCO-MdFUSBdCO-MdFUSB aspa aVilanova, Evangelista,eautor aCrisis de la liturgia y crítica de la religiónc/ Evangelista Vilanova aReconocer la ambigüedad de la religión y de la liturgia es situarse en el camino de la salvación. Cristo ha venido a juzgar a la religión, es decir, a condenarla y también a salvarla. Dicha salvación tiene lugar por la fe. 7aLiturgia 0aAdoración0 049450oR2532tRevista internacional de teología Conciliumw(CO-MdFUSB)8x0210-1041gNúmero 42, (febrero, 1969), páginas: 177 - 190qpágina: 177